|
|
|
|
| LEADER |
00000nam0a2200000 4500 |
| 001 |
45331 |
| 005 |
20231101210938.0 |
| 010 |
|
|
|a 5292026603
|
| 035 |
|
|
|a (RuTPU)RU\TPU\book\47121
|
| 090 |
|
|
|a 45331
|
| 100 |
|
|
|a 20021209d2001 m y0rusy50 ca
|
| 101 |
0 |
|
|a rus
|
| 102 |
|
|
|a RU
|
| 105 |
|
|
|a a jz 001zy
|
| 200 |
1 |
|
|a Двуглавый орел в истории Государства Российского
|f В. В. Васькин
|
| 210 |
|
|
|a Саратов
|c Изд-во Саратовского гос. ун-та
|d 2001
|
| 215 |
|
|
|a 56 с.
|c ил.
|
| 320 |
|
|
|a Библиогр.: с. 53.
|
| 606 |
1 |
|
|a Символы государственные
|2 stltpush
|3 (RuTPU)RU\TPU\subj\53334
|9 71649
|
| 610 |
1 |
|
|a история
|
| 610 |
1 |
|
|a источниковедение
|
| 610 |
1 |
|
|a Россия
|
| 610 |
1 |
|
|a гербы
|
| 610 |
1 |
|
|a символы
|
| 610 |
1 |
|
|a геральдика
|
| 610 |
1 |
|
|a двуглавый орел
|
| 610 |
1 |
|
|a учебные пособия
|
| 686 |
|
|
|a Т215я7
|v LBC/SL-A
|2 rubbk
|
| 700 |
|
1 |
|a Васькин
|b В. В.
|g Василий Васильевич
|
| 801 |
|
1 |
|a RU
|b 63413507
|c 20021209
|g PSBO
|
| 801 |
|
2 |
|a RU
|b 63413507
|c 20230203
|g PSBO
|
| 942 |
|
|
|c BK
|